000 00831cam a2200205 4500
001 WB3713-03
008 000000n2001 000 0 eng u
035 _a(Sirsi) u111642
245 3 _aAn asset class in its own world
260 _c2001
490 _aFinancial Times
_v 23 March 2001, (2) + chart
520 _aMIPIM, the annual industry event in Cannes reflects the confidence of real estate. In the 12 months to mid-March 2001 UK property shares have offered returns of 49.8% above those of the wider market. Several European countries including Germany are experiencing similar rapid growth.
590 _aWB
650 _aINVESTMENT MARKET
650 _aINVESTMENT RETURNS
650 _aEUROPE
650 _aMIPIM
690 _aPROPERTY-COMMERCIAL PROPERTY-COMMERCIAL PROPERTY FINANCE AND INVESTMENT
942 _n0
999 _c66523
_d66523